Statistics for The US-French Relationship

Click here to take the quiz!

General Stats

  • This quiz has been taken 20 times
  • The average score is 9 of 16

Answer Stats

HintAnswer% Correct
Sculpture built by Gustave Eiffel that France gave as a gift to the United StatesStatue of Liberty
94%
US forces landed at the beaches of this French region on June 6, 1944Normandy
88%
Modern-day country that won independence from France in 1954, and a war against the US in 1975Vietnam
88%
US ambassador to France 1776-1785Benjamin Franklin
75%
New Orleans celebrates Fat Tuesday under this French nameMardi Gras
75%
Year in which the US purchased the Louisiana Territory from France1803
69%
The only US state whose legal system is (partly) inspired by French lawLouisiana
69%
Amid power plays with the United States, Charles de Gaulle pulled out of the military command of this international organizationNATO
69%
Theme park complex that opened in Chessy in 1992Disneyland
63%
This is what french fries were called in the US House of Representatives cantine between 2003 and 2006Freedom Fries
56%
French general who commanded US troops in its Revolutionary WarMarquis de Lafayette
50%
Popular Franco-Belgian comic series about a lonesome cowboyLucky Luke
38%
French political scientist who wrote "Democracy in America" (1835/40): Alexis de _____Tocqueville
38%
African American woman who became an icon of Paris' 1920s jazz scene and fought for the French ResistanceJosephine Baker
25%
He wrote the autobiography "A Moveable Feast" about his life in Paris in the 1920sErnest Hemingway
19%
A book of interviews with François Truffaut helped to give this classic Hollywood director the reputation of a serious artist in AmericaAlfred Hitchcock
13%

Score Distribution

Percentile by Number Answered

Percent of People with Each Score

Your Score History

You have not taken this quiz